000 00640nam a2200193Ii 4500
003 JO-AjNU
008 230605s9999||||xx |||||||||||||| ||und||
040 _aJO-AjNU
_bara
_erda
_cJO-AjNU
041 _aara
050 1 4 _aTP48.23.F85 2003
100 3 _aترجمة مستجير، احمد,
_eauthor
_915326
245 0 0 _aنهاية الانسان: عواقب الثورة البوتكنولوجية
264 3 1 _aعمان:مكتبة الاسرة,2003
300 _a294ص
336 _atext
_btxt
_2rdacontent
337 _aunmediated
_bn
_2rdamedia
338 _avolume
_bnc
_2rdacarrier
650 4 _aالهندسة الوراثية
_915327
999 _aA4301
_c7869
_d7869